000 01617nam a2200133Ia 4500
008 220620s9999||||xx |||||||||||||| ||und||
020 _a9783040000000
245 0 _aLignocellulosic Biomass
546 _aEnglish[eng]
650 _alignocellulosic biomass||solid-state fermentation||enzymatic hydrolysis||aerated bioreactor||Aspergillus oryzae||lignin||lignocellulose||aromatics||biobased||epoxy||fatty acid||biopolymers||biobased materials||biorenewable||bio-based filament||3D printing||sugarcane bagasse pulp||barley straw||composite||flexural strength||biobased polyethylene||nanocellulose||β-cyclodextrin||cryogels||films||biomaterials||cellulose||dialdehyde cellulose||organosilane chemistry||29Si NMR||solid state NMR||silanization||lignocellulose valorization||‘lignin-first’||reductive catalytic fractionation||lignocellulose nanofibers||horticultural residues||paperboard||recycling||biosurfactants||enzymatic saccharification||fermentation||quinoa saponins||steam-pretreated spruce||lignocellulosic material||xylose||furfural||iron chloride||microwave reactor||biorefinery||electrosynthesis||biomass||carbohydrate||saccharides||electro-oxidation||electroreduction||residue||agro-industry||high-value products||banana||torrefaction||Jerusalem artichoke||biofuel||energy crops||agiculture||micro-fibrillated cellulose||formaldehyde adhesives||wood-based panels||kraft lignin||adsorbent material||copper adsorption||H2S adsorption||H2S removal||n/a
700 _aRodríguez Pascual, Alejandro||Espinosa Víctor, Eduardo
856 _uhttps://mdpi.com/books/pdfview/book/4665
942 _cEB
999 _c23519
_d23519